00853nam a22002291 450000500170000000800410001701000350005802000260009303500130011903500170013203700150014903700290016404000180019308200100021124501180022126000460033927001530038530000270053850000190056570000210058470000180060520050808122104.0721219s1962 nyu | 00| 0 eng  aENG-93554 B-340406-421 a9788177081978c585.00 aEN-77087 aB-340406-421 bDBAD / PUB bNew Century Publications adplbEnglish  a331.4 aWomen, working conditions and efficiency :cedited by Veena Gandotra [and] Sarjoo Patel bthe Indian experience / aNew DelhibNew Century Publicationsc2009 a4800/24, Bharat Ram Road, Ansari Road, DaryaganjbNew Delhie110002k011-23247798, 4358 7398, 6539 6605k43587398mindiatax@vsnl.coml011-4101 7798 axii, 216p.c23cm.(Hb)  aincludes index aGandotra, Veena  aPatel, Sarjoo